000 00934cam a22002534a 4500
001 14395688
005 20250201125225.0
008 060531s2006 enk b 001 0 eng
020 _a0199277907 (pbk.)
020 _a9780199277902
050 0 0 _aKD829
_b.T48 2006
082 0 0 _a346.4204/3
_222
100 1 _aThompson, M. P.
_q(Mark P.)
245 1 0 _aModern land law /
_cMark P. Thompson.
250 _a3rd ed.
260 _aOxford ;
_aNew York :
_bOxford University Press,
_c2006.
300 _axlvi, 571 p. ;
_c25 cm.
650 0 _aReal property
_zEngland.
650 0 _aReal property
_zWales.
856 4 1 _3Table of contents
_uhttp://www.loc.gov/catdir/toc/ecip0614/2006018054.html
856 4 2 _3Publisher description
_uhttp://www.loc.gov/catdir/enhancements/fy0722/2006018054-d.html
856 4 2 _3Contributor biographical information
_uhttp://www.loc.gov/catdir/enhancements/fy0722/2006018054-b.html
942 _2lcc
_cBK
_e3rd
_n0
999 _c3349
_d3349